Libertad e igualdad religiosas en el Estado de Derecho. Una actualización de su formulación constitucional para una sociedad plural.

Đã lưu trong:
Chi tiết về thư mục
Tác giả chính: Bermúdez, Horacio R. (autor)
Định dạng: Sách
Được phát hành: Ciudad Autónoma de Buenos Aires, Argentina: Universidad de Buenos Aires; La Ley, 2017.
Loạt:Colección Facultad de Derecho; Derecho Constitucional y Teoría del Estado
Những chủ đề:
Các nhãn: Thêm thẻ
Không có thẻ, Là người đầu tiên thẻ bản ghi này!

MARC

LEADER 00000nam a22000007a 4500
003 CL-VaPUC
005 20240118081342.0
008 230605t2017 ||||| |||| 00| 0 eng d
999 |c 441036  |d 441034 
020 |a 978-987-03-3049-3 
040 |c Pontificia Universidad Católica de Valparaíso 
082 0 4 |2 22  |a 342.0852 BER 2017 
100 1 |a Bermúdez, Horacio R.  |e autor  |9 882787 
245 1 0 |a Libertad e igualdad religiosas en el Estado de Derecho.  |b Una actualización de su formulación constitucional para una sociedad plural. 
260 |a Ciudad Autónoma de Buenos Aires, Argentina:  |b Universidad de Buenos Aires;  |b La Ley,  |c 2017. 
300 |a 226 páginas. 
490 0 |a Colección Facultad de Derecho;  |a Derecho Constitucional y Teoría del Estado 
500 |a c.1 Donación Profesor Jorge Precht Pizarro. Memo 015/2023 c.2 Donación Profesor Carlos Salinas Araneda. MEMO DER Nº2 9/1/24 
583 |c 20230605  |k Catalogador Asistente 
650 1 |a Derecho constitucional argentino  |9 435700 
650 1 |a Libertad de culto  |9 403246 
650 1 |a Libertad religiosa  |9 887217 
650 1 |a Derecho eclesiástico del Estado  |9 719828 
942 |2 ddc  |c BK 
952 |0 0  |1 0  |2 ddc  |4 0  |6 342_085200000000000_BER_2017  |7 0  |8 A  |9 593378  |a BIBDER  |b BIBDER  |d 2024-01-18  |e Donación  |i 5660122  |o 342.0852 BER 2017  |p 5660122  |r 2024-01-18  |t 2  |w 2024-01-18  |x Ubicación 4º Piso  |y BK  |k DER